Losowe polskie miasto do województwa - Statystyki

Ogólne statystyki
  • Ten quiz został rozwiązany 55 razy
    23 od ostatniego zresetowania
  • Średni wynik to 15 z 20
Statystyki odpowiedzi
Miasto Województwo % Poprawnych
Bogatynia dolnośląskie
100%
Boguszów-Gorce dolnośląskie
100%
Bolesławiec dolnośląskie
100%
Głogów dolnośląskie
100%
Jawor dolnośląskie
100%
Jelcz-Laskowice dolnośląskie
100%
Jelenia Góra dolnośląskie
100%
Legnica dolnośląskie
100%
Oława dolnośląskie
100%
Oleśnica dolnośląskie
100%
Świdnica dolnośląskie
100%
Wałbrzych dolnośląskie
100%
Złotoryja dolnośląskie
100%
Chełmno kujawsko-pomorskie
100%
Grudziądz kujawsko-pomorskie
100%
Inowrocław kujawsko-pomorskie
100%
Nakło nad Notecią kujawsko-pomorskie
100%
Rypin kujawsko-pomorskie
100%
Solec Kujawski kujawsko-pomorskie
100%
Świecie kujawsko-pomorskie
100%
Włocławek kujawsko-pomorskie
100%
Aleksandrów Łódzki łódzkie
100%
Łask łódzkie
100%
Łowicz łódzkie
100%
Ozorków łódzkie
100%
Piotrów Trybunalski łódzkie
100%
Radomsko łódzkie
100%
Sieradz łódzkie
100%
Skierniewice łódzkie
100%
Tomaszów Mazowiecki łódzkie
100%
Wieluń łódzkie
100%
Zgierz łódzkie
100%
Biała Podlaska lubelskie
100%
Chełm lubelskie
100%
Hrubieszów lubelskie
100%
Krasnystaw lubelskie
100%
Łęczna lubelskie
100%
Tomaszów Lubelski lubelskie
100%
Gorzów Wielkopolski lubuskie
100%
Kostrzyn nad Odrą lubuskie
100%
Żagań lubuskie
100%
Żary lubuskie
100%
Brzesko małopolskie
100%
Gorlice małopolskie
100%
Kraków małopolskie
100%
Limanowa małopolskie
100%
Myślenice małopolskie
100%
Nowy Sącz małopolskie
100%
Oświęcim małopolskie
100%
Skawina małopolskie
100%
Tarnów małopolskie
100%
Trzebinia małopolskie
100%
Wadowice małopolskie
100%
Zakopane małopolskie
100%
Ciechanów mazowieckie
100%
Gostynin mazowieckie
100%
Grodzisk Mazowiecki mazowieckie
100%
Kozienice mazowieckie
100%
Milanówek mazowieckie
100%
Mińsk Mazowiecki mazowieckie
100%
Mława mazowieckie
100%
Nowy Dwór Mazowiecki mazowieckie
100%
Ostrołęka mazowieckie
100%
Ostrów Mazowiecka mazowieckie
100%
Piaseczno mazowieckie
100%
Piastów mazowieckie
100%
Płock mazowieckie
100%
Płońsk mazowieckie
100%
Pruszków mazowieckie
100%
Przasnysz mazowieckie
100%
Pułtusk mazowieckie
100%
Sierpc mazowieckie
100%
Sochaczew mazowieckie
100%
Sulejówek mazowieckie
100%
Wołomin mazowieckie
100%
Żyrardów mazowieckie
100%
Brzeg opolskie
100%
Kluczbork opolskie
100%
Krapkowice opolskie
100%
Strzelce Opolskie opolskie
100%
Jarosław podkarpackie
100%
Krosno podkarpackie
100%
Mielec podkarpackie
100%
Przemyśl podkarpackie
100%
Stalowa Wola podkarpackie
100%
Łomża podlaskie
100%
Bytów pomorskie
100%
Chojnice pomorskie
100%
Gdańsk pomorskie
100%
Gdynia pomorskie
100%
Lębork pomorskie
100%
Pruszcz Gdański pomorskie
100%
Reda pomorskie
100%
Słupsk pomorskie
100%
Sopot pomorskie
100%
Starogard Gdański pomorskie
100%
Tczew pomorskie
100%
Ustka pomorskie
100%
Wejherowo pomorskie
100%
Bielsko-Biała śląskie
100%
Bytom śląskie
100%
Cieszyn śląskie
100%
Czechowice-Dziedzice śląskie
100%
Jastrzębie-Zdrój śląskie
100%
Knurów śląskie
100%
Łaziska Górne śląskie
100%
Mysłowice śląskie
100%
Myszków śląskie
100%
Pszczyna śląskie
100%
Pyskowice śląskie
100%
Racibórz śląskie
100%
Radzionków śląskie
100%
Ruda Śląska śląskie
100%
Rydułtowy śląskie
100%
Siemianowice Śląskie śląskie
100%
Świętochłowice śląskie
100%
Zabrze śląskie
100%
Żory śląskie
100%
Żywiec śląskie
100%
Sandomierz świętokrzyskie
100%
Skarżysko-Kamienna świętokrzyskie
100%
Braniewo warmińsko-mazurskie
100%
Iława warmińsko-mazurskie
100%
Kętrzyn warmińsko-mazurskie
100%
Mrągowo warmińsko-mazurskie
100%
Olecko warmińsko-mazurskie
100%
Olsztyn warmińsko-mazurskie
100%
Ostróda warmińsko-mazurskie
100%
Gniezno wielkopolskie
100%
Leszno wielkopolskie
100%
Piła wielkopolskie
100%
Śrem wielkopolskie
100%
Środa Wielkopolska wielkopolskie
100%
Swarzędz wielkopolskie
100%
Szamotuły wielkopolskie
100%
Września wielkopolskie
100%
Złotów wielkopolskie
100%
Choszczno zachodniopomorskie
100%
Goleniów zachodniopomorskie
100%
Nowogard zachodniopomorskie
100%
Police zachodniopomorskie
100%
Stargard zachodniopomorskie
100%
Szczecinek zachodniopomorskie
100%
Wałcz zachodniopomorskie
100%
Zambrów podlaskie
80%
Polkowice dolnośląskie
67%
Lublin lubelskie
67%
Świebodzin lubuskie
67%
Bochnia małopolskie
67%
Namysłów opolskie
67%
Białystok podlaskie
67%
Ustroń śląskie
67%
Chodzież wielkopolskie
67%
Gryfino zachodniopomorskie
67%
Jędrzejów świętokrzyskie
60%
Lubin dolnośląskie
50%
Toruń kujawsko-pomorskie
50%
Konstantynów Łódzki łódzkie
50%
Kraśnik lubelskie
50%
Radzyń Podlaski lubelskie
50%
Zamość lubelskie
50%
Międzyrzecz lubuskie
50%
Nowa Sól lubuskie
50%
Sulechów lubuskie
50%
Nowy Targ małopolskie
50%
Legionowo mazowieckie
50%
Radom mazowieckie
50%
Zielonka mazowieckie
50%
Rzeszów podkarpackie
50%
Sanok podkarpackie
50%
Jaworzno śląskie
50%
Radlin śląskie
50%
Bartoszyce warmińsko-mazurskie
50%
Działdowo warmińsko-mazurskie
50%
Elbląg warmińsko-mazurskie
50%
Pisz warmińsko-mazurskie
50%
Kościan wielkopolskie
50%
Pleszew wielkopolskie
50%
Zduńska Wola łódzkie
33%
Łomianki mazowieckie
33%
Pionki mazowieckie
33%
Kwidzyn pomorskie
33%
Lubliniec śląskie
25%
Bielawa dolnośląskie
0%
Dzierżoniów dolnośląskie
0%
Kamienna Góra dolnośląskie
0%
Kłodzko dolnośląskie
0%
Lubań dolnośląskie
0%
Nowa Ruda dolnośląskie
0%
Strzegom dolnośląskie
0%
Wrocław dolnośląskie
0%
Ząbkowice Śląskie dolnośląskie
0%
Zgorzelec dolnosląskie
0%
Brodnica kujawsko-pomorskie
0%
Bydgoszcz kujawsko-pomorskie
0%
Bełchatów łódzkie
0%
Kutno łódzkie
0%
Łódź łódzkie
0%
Opoczno łódzkie
0%
Pabianice łódzkie
0%
Rawa Mazowiecka łódzkie
0%
Biłgoraj lubelskie
0%
Dęblin lubelskie
0%
Lubartów lubelskie
0%
Łuków lubelskie
0%
Międzyrzec Podlaski lubelskie
0%
Puławy lubelskie
0%
Świdnik lubelskie
0%
Gubin lubuskie
0%
Słubice lubuskie
0%
Zielona Góra lubuskie
0%
Andrychów małopolskie
0%
Chrzanów małopolskie
0%
Kęty małopolskie
0%
Libiąż małopolskie
0%
Olkusz małopolskie
0%
Wieliczka małopolskie
0%
Garwolin mazowieckie
0%
Grójec mazowieckie
0%
Józefów mazowieckie
0%
Kobyłka mazowieckie
0%
Konstancin-Jeziorna mazowieckie
0%
Marki mazowieckie
0%
Otwock mazowieckie
0%
Siedlce mazowieckie
0%
Sokołów Podlaski mazowieckie
0%
Warszawa mazowieckie
0%
Wyszków mazowieckie
0%
Ząbki mazowieckie
0%
Kędzierzyn-Koźle opolskie
0%
Nysa opolskie
0%
Opole opolskie
0%
Prudnik opolskie
0%
Dębica podkarpackie
0%
Jasło podkarpackie
0%
Łańcut podkarpackie
0%
Nisko podkarpackie
0%
Przeworsk podkarpackie
0%
Ropczyce podkarpackie
0%
Tarnobrzeg podkarpackie
0%
Augustów podlaskie
0%
Bielsk Podlaski podlaskie
0%
Grajewo podlaskie
0%
Hajnówka podlaskie
0%
Łapy podlaskie
0%
Sokółka podlaskie
0%
Suwałki podlaskie
0%
Kołobrzeg pomorskie
0%
Kościerzyna pomorskie
0%
Malbork pomorskie
0%
Rumia pomorskie
0%
Będzin śląskie
0%
Bieruń śląskie
0%
Chorzów śląskie
0%
Czeladź śląskie
0%
Czerwionka-Leszczyny śląskie
0%
Częstochowa śląskie
0%
Dąbrowa Górnicza śląskie
0%
Gliwice śląskie
0%
Katowice śląskie
0%
Lędziny śląskie
0%
Mikołów śląskie
0%
Orzesze śląskie
0%
Piekary Śląskie śląskie
0%
Rybnik śląskie
0%
Sosnowiec śląskie
0%
Tarnowskie Góry śląskie
0%
Tychy śląskie
0%
Wodzisław Śląski śląskie
0%
Zawiercie śląskie
0%
Busko-Zdrój świętokrzyskie
0%
Kielce świętokrzyskie
0%
Końskie świętokrzyskie
0%
Ostrowiec Świętokrzyski świętokrzyskie
0%
Starachowice świętokrzyskie
0%
Ełk warmińsko-mazurskie
0%
Giżycko warmińsko-mazurskie
0%
Lidzbark Warmiński warmińsko-mazurskie
0%
Szczytno warmińsko-mazurskie
0%
Gostyń wielkopolskie
0%
Jarocin wielkopolskie
0%
Kalisz wielkopolskie
0%
Koło wielkopolskie
0%
Konin wielkopolskie
0%
Krotoszyn wielkopolskie
0%
Luboń wielkopolskie
0%
Oborniki wielkopolskie
0%
Ostrów Wielkopolski wielkopolskie
0%
Poznań wielkopolskie
0%
Rawicz wielkopolskie
0%
Trzcianka wielkopolskie
0%
Turek wielkopolskie
0%
Wągrowiec wielkopolskie
0%
Gryfice zachdoniopomorskie
0%
Białogard zachodniopomorskie
0%
Koszalin zachodniopomorskie
0%
Świdwin zachodniopomorskie
0%
Świnoujście zachodniopomorskie
0%
Szczecin zachodniopomorskie
0%
Nie znaleziono quizów pasujących do podanych kryteriów
Rozkład punktacji
Procent ludzi z każdym wynikiem
Percentyl według liczby udzielonych odpowiedzi
Twoja historia wyników
Nie rozwiązałeś tego quizu od ostatniego zresetowania